International Energy Agency (Record no. 120971)

MARC details
000 -LEADER
fixed length control field 00896cai a22001935a 4500
001 - CONTROL NUMBER
control field L156056
008 - FIXED-LENGTH DATA ELEMENTS--GENERAL INFORMATION
fixed length control field 120426u2012 xxk g 000 0 eng d
035 ## - SYSTEM CONTROL NUMBER
System control number (Sirsi) u156056
041 0# - LANGUAGE CODE
Language code of text/sound track or separate title eng
110 2# - MAIN ENTRY--CORPORATE NAME
Corporate name or jurisdiction name as entry element International Energy Agency
9 (RLIN) 6049
245 00 - TITLE STATEMENT
Title International Energy Agency
Medium [electronic resource]
260 ## - PUBLICATION, DISTRIBUTION, ETC.
Place of publication, distribution, etc. Paris
Name of publisher, distributor, etc. IEA
Date of publication, distribution, etc. 2012
520 ## - SUMMARY, ETC.
Summary, etc. International Energy Agency (IEA) is an autonomous organisation which works to ensure reliable, affordable and clean energy for its 28 member countries and beyond. The IEA's four main areas of focus are; energy security, economic development, environmental awareness and engagement worldwide. Includes extensive statistics on all its member countries.
590 ## - LOCAL NOTE (RLIN)
Local note KA
651 #4 - SUBJECT ADDED ENTRY--GEOGRAPHIC NAME
Geographic name International
690 ## - LOCAL SUBJECT ADDED ENTRY--TOPICAL TERM (OCLC, RLIN)
Topical term or geographic name as entry element Energy
9 (RLIN) 6237
856 40 - ELECTRONIC LOCATION AND ACCESS
Uniform Resource Identifier <a href="https://www.iea.org/index.asp">https://www.iea.org/index.asp</a>
Public note View the website free of charge at www.iea.org/index
942 ## - ADDED ENTRY ELEMENTS (KOHA)
Suppress in OPAC 0
Holdings
Withdrawn status Lost status Source of classification or shelving scheme Damaged status Not for loan Home library Current library Shelving location Date acquired Total Checkouts Full call number Barcode Date last seen Copy number Price effective from Koha item type
    Dewey Decimal Classification     Virtual Virtual Online 26/04/2012   WEBSITE 156056-2001 06/08/2019 1 06/08/2019 Online material